A treatise of the law of public utilities(supplement) (Record no. 435642)

000 -LEADER
fixed length control field 00431cam a22001337a 4500
008 - FIXED-LENGTH DATA ELEMENTS--GENERAL INFORMATION
fixed length control field 180718b1913 xxu||||| |||| 00| 0 eng d
082 ## - DEWEY DECIMAL CLASSIFICATION NUMBER
Classification number V503x73 P773
100 ## - MAIN ENTRY--PERSONAL NAME
Personal name Pond, Oscar L.
245 ## - TITLE STATEMENT
Title A treatise of the law of public utilities(supplement)
Statement of responsibility, etc. by Oscar L. Pond
260 ## - PUBLICATION, DISTRIBUTION, ETC.
Place of publication, distribution, etc.
Name of publisher, distributor, etc. The Bobbs- Merrill Company
Date of publication, distribution, etc. 1913
300 ## - PHYSICAL DESCRIPTION
Extent 3v.
650 ## - SUBJECT ADDED ENTRY--TOPICAL TERM
Topical term or geographic name entry element Public utilities --United States.
650 ## - SUBJECT ADDED ENTRY--TOPICAL TERM
Topical term or geographic name entry element Municipal franchises --United States
Holdings
Withdrawn status Lost status Damaged status Not for loan Permanent Location Current Location Date acquired Full call number Barcode Date last seen Price effective from Koha item type
        Indian Institute of Public Administration Indian Institute of Public Administration 2010-02-26 V503x73 P773 4015 2018-07-21 2018-07-21 Book
        Indian Institute of Public Administration Indian Institute of Public Administration 2010-02-26 V503x73 P773 4014 2018-07-21 2018-07-21 Book
        Indian Institute of Public Administration Indian Institute of Public Administration 2010-02-26 V503x73 P773 4013 2018-07-21 2018-07-21 Book

Powered by Koha